<?xml version="1.0" encoding="UTF-8"?>
<record
    xmlns:xsi="http://www.w3.org/2001/XMLSchema-instance"
    xsi:schemaLocation="http://www.loc.gov/MARC21/slim http://www.loc.gov/standards/marcxml/schema/MARC21slim.xsd"
    xmlns="http://www.loc.gov/MARC21/slim">

  <leader>00440nam a22001697a 4500</leader>
  <datafield tag="020" ind1=" " ind2=" ">
    <subfield code="a">9786017367084</subfield>
  </datafield>
  <datafield tag="082" ind1=" " ind2=" ">
    <subfield code="a">904</subfield>
    <subfield code="b">BAI</subfield>
  </datafield>
  <datafield tag="100" ind1=" " ind2=" ">
    <subfield code="a">Baibatsha,A.B </subfield>
  </datafield>
  <datafield tag="245" ind1=" " ind2=" ">
    <subfield code="a">Anthropogenic history of Kazakhstan/</subfield>
    <subfield code="c">M.SH. Alinov</subfield>
  </datafield>
  <datafield tag="260" ind1=" " ind2=" ">
    <subfield code="a">Almaty:</subfield>
    <subfield code="b">Bastau;</subfield>
    <subfield code="c">2012.</subfield>
  </datafield>
  <datafield tag="300" ind1=" " ind2=" ">
    <subfield code="a">276p.</subfield>
  </datafield>
  <datafield tag="504" ind1=" " ind2=" ">
    <subfield code="a">kazakhstan books</subfield>
  </datafield>
  <datafield tag="563" ind1=" " ind2=" ">
    <subfield code="a">PB</subfield>
  </datafield>
  <datafield tag="650" ind1=" " ind2=" ">
    <subfield code="a">Anthropogenic</subfield>
    <subfield code="9">133632</subfield>
  </datafield>
  <datafield tag="650" ind1=" " ind2=" ">
    <subfield code="a">history of kazakhstan</subfield>
    <subfield code="9">133633</subfield>
  </datafield>
  <datafield tag="942" ind1=" " ind2=" ">
    <subfield code="2">ddc</subfield>
    <subfield code="c">BK</subfield>
  </datafield>
  <datafield tag="999" ind1=" " ind2=" ">
    <subfield code="c">616597</subfield>
    <subfield code="d">616597</subfield>
  </datafield>
  <datafield tag="952" ind1=" " ind2=" ">
    <subfield code="0">0</subfield>
    <subfield code="1">0</subfield>
    <subfield code="2">ddc</subfield>
    <subfield code="3">Satbayev Centre</subfield>
    <subfield code="4">0</subfield>
    <subfield code="6">904_000000000000000_BAI</subfield>
    <subfield code="7">0</subfield>
    <subfield code="9">645565</subfield>
    <subfield code="a">CL</subfield>
    <subfield code="b">CL</subfield>
    <subfield code="d">2026-03-10</subfield>
    <subfield code="e">Satbayev Centre</subfield>
    <subfield code="l">0</subfield>
    <subfield code="o">904 BAI</subfield>
    <subfield code="p">CL-D-3223</subfield>
    <subfield code="r">2026-03-10</subfield>
    <subfield code="w">2026-03-10</subfield>
    <subfield code="y">BK</subfield>
    <subfield code="z">Satbayev Centre</subfield>
  </datafield>
  <datafield tag="952" ind1=" " ind2=" ">
    <subfield code="0">0</subfield>
    <subfield code="1">0</subfield>
    <subfield code="2">ddc</subfield>
    <subfield code="3">Satbayev Centre</subfield>
    <subfield code="4">0</subfield>
    <subfield code="6">904_000000000000000_BAI</subfield>
    <subfield code="7">0</subfield>
    <subfield code="9">645566</subfield>
    <subfield code="a">CL</subfield>
    <subfield code="b">CL</subfield>
    <subfield code="d">2026-03-10</subfield>
    <subfield code="e">Satbayev Centre</subfield>
    <subfield code="l">0</subfield>
    <subfield code="o">904 BAI</subfield>
    <subfield code="p">CL-D-3224</subfield>
    <subfield code="r">2026-03-10</subfield>
    <subfield code="w">2026-03-10</subfield>
    <subfield code="y">BK</subfield>
    <subfield code="z">Satbayev Centre</subfield>
  </datafield>
  <datafield tag="952" ind1=" " ind2=" ">
    <subfield code="0">0</subfield>
    <subfield code="1">0</subfield>
    <subfield code="2">ddc</subfield>
    <subfield code="3">Satbayev Centre</subfield>
    <subfield code="4">0</subfield>
    <subfield code="7">0</subfield>
    <subfield code="9">645567</subfield>
    <subfield code="a">CL</subfield>
    <subfield code="b">CL</subfield>
    <subfield code="d">2026-03-10</subfield>
    <subfield code="e">Satbayev Centre</subfield>
    <subfield code="o">904 BAI</subfield>
    <subfield code="p">CL-D-3222</subfield>
    <subfield code="r">2026-03-10</subfield>
    <subfield code="w">2026-03-10</subfield>
    <subfield code="y">BK</subfield>
    <subfield code="z">Satbayev Centre</subfield>
  </datafield>
  <datafield tag="952" ind1=" " ind2=" ">
    <subfield code="0">0</subfield>
    <subfield code="1">0</subfield>
    <subfield code="2">ddc</subfield>
    <subfield code="3">Satbayev Centre</subfield>
    <subfield code="4">0</subfield>
    <subfield code="6">904_000000000000000_BAI</subfield>
    <subfield code="7">0</subfield>
    <subfield code="9">645568</subfield>
    <subfield code="a">CL</subfield>
    <subfield code="b">CL</subfield>
    <subfield code="d">2026-03-10</subfield>
    <subfield code="e">Satbayev Centre</subfield>
    <subfield code="l">0</subfield>
    <subfield code="o">904 BAI</subfield>
    <subfield code="p">CL-D-3221</subfield>
    <subfield code="r">2026-03-10</subfield>
    <subfield code="w">2026-03-10</subfield>
    <subfield code="y">BK</subfield>
    <subfield code="z">Satbayev Centre</subfield>
  </datafield>
  <datafield tag="952" ind1=" " ind2=" ">
    <subfield code="0">0</subfield>
    <subfield code="1">0</subfield>
    <subfield code="2">ddc</subfield>
    <subfield code="3">Satbayev Centre</subfield>
    <subfield code="4">0</subfield>
    <subfield code="6">904_000000000000000_BAI</subfield>
    <subfield code="7">0</subfield>
    <subfield code="9">645569</subfield>
    <subfield code="a">CL</subfield>
    <subfield code="b">CL</subfield>
    <subfield code="d">2026-03-10</subfield>
    <subfield code="e">Satbayev Centre</subfield>
    <subfield code="l">0</subfield>
    <subfield code="o">904 BAI</subfield>
    <subfield code="p">CL-D-3220</subfield>
    <subfield code="r">2026-03-10</subfield>
    <subfield code="w">2026-03-10</subfield>
    <subfield code="y">BK</subfield>
    <subfield code="z">Satbayev Centre</subfield>
  </datafield>
</record>
